000 00403pab a2200157 454500
008 180718b2014 xxu||||| |||| 00| 0 eng d
100 _aChenoy, Dilip H.M.
245 _aSTAR scheme of catalyse of skills ecosystem
260 _c2014
300 _ap.363-366.
362 _aJan
650 _aSkills development
773 _aIndian Journal of Industrial Relations
908 _aN
909 _a104180
999 _c104176
_d104176